000 00403nam a2200157Ia 4500
001 R-2024
003 CODICE-MESSINA
005 20260212102526.0
008 260211s9999 xx 000 0 und d
040 _cimportazione_messina
100 _aBenito Ragno
245 0 _aRapsodia Della Storia Di Tormina
245 0 _bDalle origini al 1860
260 _bEditrice Giannotta Catania
942 _2ddc
_cBK
999 _c28532
_d28532